[Event "51st National Challengers (National â€˜Bâ€™) Chess Cha"]
[Site "Bhopal, Madhya Pradesh-India"]
[Date "2013.10.14"]
[Round "3"]
[Board "2"]
[White "Gusain, Himal"]
[Black "Debashis, Das"]
[Result "1/2-1/2"]
[WhiteElo "2307"]
[BlackElo "2497"]
[PlyCount "52"]
[EventDate "2013.10.12"]
[EventRounds "13"]
[EventCountry "IND"]

1. e4 c5 2. Nf3 d6 3. Bc4 Nf6 4. d3 Nc6 5. c3 g6 6. O-O Bg7 7. Re1 O-O 8. Bb3
b5 9. Nbd2 a5 10. a4 b4 11. d4 bxc3 12. bxc3 cxd4 13. cxd4 Nb4 14. Re3 Ba6 15.
h3 Rc8 16. g4 e5 17. dxe5 Nd7 18. Ba3 Nxe5 19. Nxe5 Bxe5 20. Rc1 Rxc1 21. Bxc1
Nd3 22. Bc4 Bxc4 23. Nxc4 Nxc1 24. Nxe5 dxe5 25. Qxc1 Qd4 26. Qc6 Rd8 1/2-1/2

[Event "51st National Challengers (National â€˜Bâ€™) Chess Cha"]
[Site "Bhopal, Madhya Pradesh-India"]
[Date "2013.10.14"]
[Round "3"]
[Board "3"]
[White "Vishnu, Prasanna. V"]
[Black "Deshmukh, Anup"]
[Result "1-0"]
[WhiteElo "2496"]
[BlackElo "2265"]
[PlyCount "87"]
[EventDate "2013.10.12"]
[EventRounds "13"]
[EventCountry "IND"]

1. e4 c5 2. Nf3 d6 3. d4 cxd4 4. Nxd4 Nf6 5. Nc3 a6 6. Bg5 e6 7. f4 h6 8. Bh4
Qb6 9. Qd3 Nc6 10. Bxf6 gxf6 11. Nb3 Bd7 12. Be2 h5 13. O-O-O O-O-O 14. Kb1 Kb8
15. Qh3 Be7 16. Rhf1 Bc8 17. Bxh5 d5 18. exd5 exd5 19. Qf3 d4 20. Nd5 Rxd5 21.
Qxd5 Be6 22. Qf3 Nb4 23. Rxd4 Bxb3 24. Rxb4 Bxc2+ 25. Kxc2 Bxb4 26. Kb1 Bc5 27.
Bxf7 Rxh2 28. Rd1 Bd4 29. Bb3 Rh8 30. Qe4 Rd8 31. Rd3 Ka7 32. g4 a5 33. a4 Rd6
34. g5 fxg5 35. fxg5 Bg7 36. Rxd6 Qxd6 37. Bd5 Qb6 38. Qc2 Qg1+ 39. Ka2 Qxg5
40. Qc5+ Kb8 41. Qd6+ Ka7 42. Qd7 Kb6 43. Qxb7+ Kc5 44. Qc7+ 1-0

[Event "51st National Challengers (National â€˜Bâ€™) Chess Cha"]
[Site "Bhopal, Madhya Pradesh-India"]
[Date "2013.10.14"]
[Round "3"]
[Board "4"]
[White "Murali Krishnan, B.T."]
[Black "Kunte, Abhijit"]
[Result "1/2-1/2"]
[WhiteElo "2306"]
[BlackElo "2487"]
[PlyCount "30"]
[EventDate "2013.10.12"]
[EventRounds "13"]
[EventCountry "IND"]

1. d4 Nf6 2. Nf3 e6 3. e3 b6 4. Bd3 Bb7 5. O-O d5 6. b3 Bd6 7. Bb2 O-O 8. Nbd2
Nbd7 9. Ne5 Ne4 10. Nxd7 Qxd7 11. f3 Nxd2 12. Qxd2 c5 13. f4 Qc7 14. Qe2 f5 15.
c4 Rac8 1/2-1/2

[Event "51st National Challengers (National â€˜Bâ€™) Chess Cha"]
[Site "Bhopal, Madhya Pradesh-India"]
[Date "2013.10.14"]
[Round "3"]
[Board "5"]
[White "Ashwin, Jayaram"]
[Black "Vignesh, Nr"]
[Result "1-0"]
[WhiteElo "2461"]
[BlackElo "2256"]
[PlyCount "63"]
[EventDate "2013.10.12"]
[EventRounds "13"]
[EventCountry "IND"]

1. d4 Nf6 2. c4 e6 3. Nc3 Bb4 4. e3 O-O 5. Bd3 d5 6. cxd5 exd5 7. Nge2 c6 8.
O-O Re8 9. Bd2 a5 10. f3 Na6 11. Qe1 c5 12. a3 cxd4 13. Nxd4 Bf8 14. Rc1 Nc5
15. Bb1 a4 16. Nce2 Qb6 17. Qh4 Bd7 18. Nf4 g6 19. Rfe1 Qxb2 20. Bb4 Rxe3 21.
Nfe2 Nb3 22. Rc2 Qa1 23. Ra2 Bxb4 24. axb4 Qxd4 25. Nxd4 Rxe1+ 26. Qxe1 Nxd4
27. Qe5 Nc6 28. Qxf6 a3 29. Qd6 Be6 30. b5 Nd4 31. Qb4 Bf5 32. Bxf5 1-0

[Event "51st National Challengers (National â€˜Bâ€™) Chess Cha"]
[Site "Bhopal, Madhya Pradesh-India"]
[Date "2013.10.14"]
[Round "3"]
[Board "6"]
[White "Karthikeyan, Murali"]
[Black "Shetty, Rahul"]
[Result "1-0"]
[WhiteElo "2444"]
[BlackElo "2255"]
[PlyCount "101"]
[EventDate "2013.10.12"]
[EventRounds "13"]
[EventCountry "IND"]

1. e4 c5 2. Nf3 d6 3. d4 cxd4 4. Nxd4 Nf6 5. Nc3 e6 6. Be3 a6 7. Be2 Be7 8. f4
Qc7 9. O-O O-O 10. Kh1 b5 11. Bf3 Bb7 12. e5 dxe5 13. fxe5 Nfd7 14. Bf4 Nc6 15.
Bxc6 Bxc6 16. Qg4 Kh8 17. Rae1 Bb7 18. Re3 b4 19. Nce2 Nc5 20. Rg3 g6 21. Re3
Ne4 22. Qh3 Rad8 23. Qh6 Bc5 24. Rh3 f5 25. exf6 Qf7 26. Qg7+ Qxg7 27. fxg7+
Kxg7 28. Nxe6+ Kg8 29. Nxd8 Rxd8 30. Be3 Bc8 31. Rh4 Bxe3 32. Rxe4 Bc5 33. Rc4
Bf8 34. Rd4 Re8 35. Ng3 a5 36. Rfd1 Be6 37. Rd8 Rxd8 38. Rxd8 a4 39. b3 axb3
40. cxb3 Kf7 41. Ne4 Be7 42. Rd4 h5 43. Nf2 Bf5 44. Nd3 Bf6 45. Rd6 Be7 46.
Ne5+ Kg7 47. Rb6 Be4 48. Re6 Bf8 49. Nd7 Bb1 50. Nxf8 Kxf8 51. Rb6 1-0

[Event "51st National Challengers (National â€˜Bâ€™) Chess Cha"]
[Site "Bhopal, Madhya Pradesh-India"]
[Date "2013.10.14"]
[Round "3"]
[Board "7"]
[White "Swayams, Mishra"]
[Black "Koshy, Varugeese"]
[Result "1/2-1/2"]
[WhiteElo "2434"]
[BlackElo "2245"]
[PlyCount "109"]
[EventDate "2013.10.12"]
[EventRounds "13"]
[EventCountry "IND"]

1. d4 d6 2. Nf3 Nf6 3. c4 c6 4. Nc3 Bg4 5. e3 Nbd7 6. Be2 e5 7. h3 Bh5 8. b3 a6
9. Bb2 Be7 10. Rc1 Bg6 11. Nh4 Ne4 12. Nxg6 Nxc3 13. Bxc3 hxg6 14. Bf3 Qc7 15.
Qd2 Nf6 16. Qc2 Rd8 17. a4 a5 18. Rd1 exd4 19. exd4 d5 20. O-O O-O 21. Rfe1
Rfe8 22. Re2 Bf8 23. Rde1 Rxe2 24. Rxe2 Ra8 25. Bd2 Qd8 26. Qd3 Bd6 27. Bg5 Qd7
28. Qd2 Bc7 29. Bf4 Bxf4 30. Qxf4 Rd8 31. c5 Kf8 32. Bg4 Nxg4 33. hxg4 Re8 34.
Kf1 Rxe2 35. Kxe2 Qd8 36. Kd3 b6 37. g5 Ke7 38. Qe5+ Kf8 39. Kc3 bxc5 40. dxc5
Qe8 41. Qd6+ Kg8 42. Kd2 Qc8 43. f3 Kh7 44. Qf4 Qb7 45. Kc3 Qe7 46. Kd4 Qb7 47.
Kc3 Qe7 48. Kd4 Qb7 49. Qh4+ Kg8 50. Qe1 Qxb3 51. Qe8+ Kh7 52. Qxc6 Qc4+ 53.
Ke5 d4 54. Qb5 Qc3 55. Kd5 1/2-1/2

[Event "51st National Challengers (National â€˜Bâ€™) Chess Cha"]
[Site "Bhopal, Madhya Pradesh-India"]
[Date "2013.10.14"]
[Round "3"]
[Board "8"]
[White "Deshpande, Aniruddha"]
[Black "Laxman, R.R."]
[Result "1/2-1/2"]
[WhiteElo "2270"]
[BlackElo "2424"]
[PlyCount "79"]
[EventDate "2013.10.12"]
[EventRounds "13"]
[EventCountry "IND"]

1. c4 e5 2. Nc3 Bb4 3. g3 Bxc3 4. dxc3 d6 5. Bg2 Ne7 6. e4 Nbc6 7. Nf3 O-O 8.
O-O Be6 9. b3 h6 10. Be3 Qd7 11. Re1 f5 12. exf5 Bxf5 13. Nh4 Bh3 14. Be4 Rf6
15. Qd3 g5 16. Ng2 Raf8 17. Rad1 b6 18. c5 bxc5 19. Bxc5 Bf5 20. Bxf5 Nxf5 21.
Ne3 Qe6 22. Nd5 dxc5 23. Nxf6+ Rxf6 24. Qd5 Qxd5 25. Rxd5 Rd6 26. Rxc5 Ng7 27.
b4 Ne6 28. Rc4 a6 29. a4 Kf7 30. b5 axb5 31. axb5 Na5 32. Rce4 Nb3 33. Rxe5 Kf6
34. Kg2 Nbc5 35. R5e3 h5 36. Rf3+ Kg6 37. Re5 Nd7 38. Re4 Ndc5 39. Re5 Nd7 40.
Re4 1/2-1/2

[Event "51st National Challengers (National â€˜Bâ€™) Chess Cha"]
[Site "Bhopal, Madhya Pradesh-India"]
[Date "2013.10.14"]
[Round "3"]
[Board "9"]
[White "Prakash, G B"]
[Black "Thejkumar, M. S."]
[Result "1/2-1/2"]
[WhiteElo "2255"]
[BlackElo "2421"]
[PlyCount "55"]
[EventDate "2013.10.12"]
[EventRounds "13"]
[EventCountry "IND"]

1. Nf3 Nf6 2. c4 e6 3. g3 d5 4. b3 Be7 5. Bg2 O-O 6. Bb2 c5 7. O-O Nc6 8. e3
dxc4 9. bxc4 Qb6 10. Qb3 Na5 11. Qxb6 axb6 12. Rc1 Rd8 13. d4 Bd7 14. Nbd2 Nc6
15. Bc3 Ra6 16. Rab1 Be8 17. Rc2 Rda8 18. Ne5 cxd4 19. exd4 Rxa2 20. Rxa2 Rxa2
21. Rxb6 Nxd4 22. Bxd4 Rxd2 23. Rxb7 Bd6 24. Nf3 Rd1+ 25. Bf1 Bc6 26. Rb6 Bxf3
27. Rxd6 g5 28. Be5 1/2-1/2

[Event "51st National Challengers (National â€˜Bâ€™) Chess Cha"]
[Site "Bhopal, Madhya Pradesh-India"]
[Date "2013.10.14"]
[Round "3"]
[Board "10"]
[White "Pranav, Vijay"]
[Black "Shyam, Nikil P."]
[Result "0-1"]
[WhiteElo "2239"]
[BlackElo "2412"]
[PlyCount "132"]
[EventDate "2013.10.12"]
[EventRounds "13"]
[EventCountry "IND"]

1. d4 g6 2. c4 Bg7 3. Nf3 d6 4. Nc3 Bg4 5. g3 Qc8 6. Bg2 Nf6 7. h3 Bd7 8. e4
O-O 9. Bg5 h6 10. Be3 Kh7 11. g4 c5 12. dxc5 dxc5 13. e5 Ng8 14. O-O Nc6 15.
Bxc5 Nxe5 16. Nxe5 Bxe5 17. Bd4 Bb8 18. Qe2 Bc6 19. Rad1 Bxg2 20. Kxg2 Qc6+ 21.
Qe4 Qxc4 22. Qxb7 Bd6 23. b3 Qb4 24. Qxb4 Bxb4 25. Nd5 Ba3 26. Ne3 Rfc8 27. Nc4
Bb4 28. Be5 Rc6 29. Rd7 a5 30. Rb7 f6 31. Bb2 Bc5 32. Rc1 Rca6 33. Rd1 Rc6 34.
a4 Bb4 35. Rd5 Re6 36. Kf3 Re1 37. Rc7 Rb1 38. Rd3 h5 39. gxh5 gxh5 40. Rb7 Ra6
41. Bd4 Nh6 42. Ne3 Rd6 43. Rxe7+ Kg6 44. Rc7 Nf7 45. Nc4 Ne5+ 46. Bxe5 Rxd3+
47. Ke4 Rxh3 48. Rc6 Be7 49. Bd4 Rh4+ 50. f4 Re1+ 51. Ne3 Rh3 52. Ra6 Rhxe3+
53. Bxe3 Bc5 54. f5+ Kg7 55. Rxa5 Rxe3+ 56. Kd5 Re5+ 57. Kc6 h4 58. Rb5 h3 59.
Rb7+ Be7 60. Rd7 h2 61. Rd1 Rc5+ 62. Kb6 Rc3 63. a5 Bc5+ 64. Kb5 Bg1 65. Rd7+
Kh6 66. Rd8 Rc7 0-1

[Event "51st National Challengers (National â€˜Bâ€™) Chess Cha"]
[Site "Bhopal, Madhya Pradesh-India"]
[Date "2013.10.14"]
[Round "3"]
[Board "11"]
[White "Shashikant, Kutwal"]
[Black "Himanshu, Sharma"]
[Result "1/2-1/2"]
[WhiteElo "2239"]
[BlackElo "2391"]
[PlyCount "54"]
[EventDate "2013.10.12"]
[EventRounds "13"]
[EventCountry "IND"]

1. e4 e5 2. Nf3 Nc6 3. Bb5 Nf6 4. O-O Nxe4 5. d4 Nd6 6. Bxc6 dxc6 7. dxe5 Nf5
8. Qxd8+ Kxd8 9. Nc3 h6 10. h3 a5 11. a4 Be6 12. b3 Kc8 13. g4 Ne7 14. Nd4 Ng6
15. Nxe6 fxe6 16. f4 Bc5+ 17. Kg2 Bd4 18. Bd2 Rd8 19. Rae1 Bxe5 20. Nb1 Rxd2+
21. Nxd2 Nxf4+ 22. Kf3 Bd6 23. Ne4 e5 24. h4 Kd7 25. h5 Rf8 26. Kg3 b6 27. Rf2
Ke6 1/2-1/2

[Event "51st National Challengers (National â€˜Bâ€™) Chess Cha"]
[Site "Bhopal, Madhya Pradesh-India"]
[Date "2013.10.14"]
[Round "3"]
[Board "12"]
[White "Stany, G.A."]
[Black "Roy, Prantik"]
[Result "1/2-1/2"]
[WhiteElo "2388"]
[BlackElo "2238"]
[PlyCount "57"]
[EventDate "2013.10.12"]
[EventRounds "13"]
[EventCountry "IND"]

1. e4 c6 2. d4 d5 3. e5 Bf5 4. Nf3 e6 5. Be2 Be7 6. Nbd2 h5 7. Nb3 Nd7 8. a4
Nh6 9. a5 Be4 10. O-O h4 11. Bd3 h3 12. Bxe4 dxe4 13. Nfd2 hxg2 14. Re1 f5 15.
exf6 Nxf6 16. Nxe4 Qc7 17. Qf3 Nd5 18. Qg3 Nf5 19. Qxc7 Nxc7 20. Bf4 O-O-O 21.
Be5 Nh4 22. Re3 Nd5 23. Rg3 Bf6 24. Nd6+ Rxd6 25. Bxd6 Nf5 26. Be5 Bxe5 27.
dxe5 Nxg3 28. hxg3 Rh5 29. Kxg2 1/2-1/2

[Event "51st National Challengers (National â€˜Bâ€™) Chess Cha"]
[Site "Bhopal, Madhya Pradesh-India"]
[Date "2013.10.14"]
[Round "3"]
[Board "13"]
[White "Puranik, Abhimanyu"]
[Black "Akshat, Khamparia"]
[Result "0-1"]
[WhiteElo "2238"]
[BlackElo "2384"]
[PlyCount "80"]
[EventDate "2013.10.12"]
[EventRounds "13"]
[EventCountry "IND"]

1. e4 c5 2. Nf3 Nc6 3. d4 cxd4 4. Nxd4 g6 5. Nc3 Bg7 6. Nxc6 bxc6 7. Bc4 d6 8.
Qf3 Nf6 9. e5 dxe5 10. Qxc6+ Bd7 11. Qa6 O-O 12. O-O Qc7 13. Bb3 e6 14. h3 Bc6
15. Bd2 Nd5 16. Ne2 Rfb8 17. a4 Bb7 18. Qd3 Rd8 19. Qg3 Nf4 20. Nxf4 Rxd2 21.
Nd3 Qc6 22. Rad1 Rxd1 23. Rxd1 Rd8 24. Kh2 Qb6 25. Re1 e4 26. Nc1 Bxb2 27. Ne2
Ba3 28. Kg1 Bd6 29. Qg5 Bc5 30. Qf6 Rd2 31. Bc4 a6 32. a5 Qd6 33. Rf1 Rxc2 34.
Rb1 Rd2 35. Rf1 Rd1 36. Rxd1 Qxd1+ 37. Kh2 Qd6+ 38. Kg1 e3 39. f3 Bd5 40. Qc3
Bb4 0-1

[Event "51st National Challengers (National â€˜Bâ€™) Chess Cha"]
[Site "Bhopal, Madhya Pradesh-India"]
[Date "2013.10.14"]
[Round "3"]
[Board "14"]
[White "Patil, Pratik"]
[Black "Ravichandran, Siddharth"]
[Result "0-1"]
[WhiteElo "2237"]
[BlackElo "2372"]
[PlyCount "80"]
[EventDate "2013.10.12"]
[EventRounds "13"]
[EventCountry "IND"]

1. e4 c6 2. d4 d5 3. e5 c5 4. dxc5 e6 5. Be3 Nh6 6. c3 Nd7 7. Bb5 Qc7 8. Nf3
Bxc5 9. Bxc5 Qxc5 10. Qe2 O-O 11. Nbd2 Ng4 12. Bxd7 Bxd7 13. Nd4 Nh6 14. O-O
Rae8 15. Kh1 Qb6 16. Rab1 f6 17. f4 fxe5 18. Qxe5 Rf6 19. N2f3 Ng4 20. Qh5 Rxf4
21. Ng5 Nf2+ 22. Rxf2 Rxf2 23. Qxh7+ Kf8 24. Qh8+ Ke7 25. Qxg7+ Kd8 26. Nf7+
Kc8 27. Ne5 Qd8 28. Qg3 Rff8 29. Ndf3 Qc7 30. Qe1 Rf5 31. Qe3 Kb8 32. Qc5 b6
33. Qe3 Ref8 34. Rd1 Be8 35. g4 R5f6 36. Rd4 Qh7 37. Kg2 Bg6 38. Ra4 Be4 39.
Rxe4 dxe4 40. Ng5 Rf2+ 0-1

[Event "51st National Challengers (National â€˜Bâ€™) Chess Cha"]
[Site "Bhopal, Madhya Pradesh-India"]
[Date "2013.10.14"]
[Round "3"]
[Board "16"]
[White "Navalgund, Niranjan"]
[Black "Das, Sayantan"]
[Result "0-1"]
[WhiteElo "2230"]
[BlackElo "2366"]
[PlyCount "70"]
[EventDate "2013.10.12"]
[EventRounds "13"]
[EventCountry "IND"]

1. c4 e5 2. g3 Nc6 3. Bg2 d6 4. Nc3 Be6 5. d3 Qd7 6. Rb1 g6 7. b4 Bg7 8. b5 Nd8
9. a4 Ne7 10. Nd5 O-O 11. h4 h5 12. a5 a6 13. b6 c6 14. Nc7 Rc8 15. Qa4 Bg4 16.
f3 Be6 17. e4 c5 18. Qxd7 Bxd7 19. Ne2 Ne6 20. Nd5 Nxd5 21. exd5 Nd8 22. Be3 f6
23. Bh3 Bxh3 24. Rxh3 Nf7 25. Kd2 f5 26. Rg1 e4 27. fxe4 fxe4 28. Bf4 Ne5 29.
Bxe5 Bxe5 30. g4 Rf3 31. Rxf3 exf3 32. Nc3 Bxc3+ 33. Kxc3 hxg4 34. Rxg4 f2 35.
Rf4 Rf8 0-1

[Event "51st National Challengers (National â€˜Bâ€™) Chess Cha"]
[Site "Bhopal, Madhya Pradesh-India"]
[Date "2013.10.14"]
[Round "3"]
[Board "17"]
[White "Aravindh, Chithambaram Vr."]
[Black "Ram, S. Krishnan"]
[Result "1-0"]
[WhiteElo "2346"]
[BlackElo "2228"]
[PlyCount "215"]
[EventDate "2013.10.12"]
[EventRounds "13"]
[EventCountry "IND"]

1. e4 c5 2. Nf3 e6 3. d4 cxd4 4. Nxd4 Nc6 5. Nc3 Qc7 6. f4 a6 7. Be3 b5 8. Nb3
Bb7 9. Bd3 d6 10. Qf3 Nf6 11. g4 Be7 12. g5 Nd7 13. O-O-O Nb4 14. Kb1 Rc8 15.
a3 Nxd3 16. cxd3 Qb8 17. h4 b4 18. axb4 Bc6 19. Nd4 Qxb4 20. Rc1 Rb8 21. Qe2
Ba8 22. Na2 Qa5 23. h5 Nc5 24. Ka1 Kd7 25. Rc3 Na4 26. Rc2 Rhc8 27. Rhc1 Nb6
28. g6 Rxc2 29. Qxc2 Rc8 30. Qb3 Rxc1+ 31. Bxc1 hxg6 32. hxg6 e5 33. Nf5 fxg6
34. Nxe7 Kxe7 35. Qg8 exf4 36. Qxg7+ Kd8 37. Bxf4 Qe1+ 38. Nc1 Qb4 39. Qxg6 Kc7
40. Qf7+ Nd7 41. Kb1 Bc6 42. Qb3 Qxb3 43. Nxb3 Ba4 44. Nd2 Kc6 45. d4 d5 46. e5
Nf8 47. b3 Bb5 48. Kb2 Ne6 49. Be3 Kb6 50. Kc3 a5 51. Kb2 a4 52. bxa4 Bxa4 53.
Ka3 Kb5 54. Nf3 Bd1 55. Nd2 Bc2 56. Kb2 Bd1 57. Kc3 Bh5 58. Nf1 Bg4 59. Bh6 Nc7
60. Ne3 Be6 61. Bf8 Ka4 62. Kd3 Kb3 63. Bd6 Nb5 64. Bc5 Ka4 65. Ng2 Bf5+ 66.
Ke3 Nc3 67. Nf4 Kb5 68. e6 Kc6 69. e7 Bd7 70. Nd3 Be8 71. Ne5+ Kc7 72. Kf4 Ne4
73. Kf5 Bd7+ 74. Kg6 Ba4 75. Bb4 Be8+ 76. Kg7 Kb6 77. Kf8 Bb5 78. e8=Q Bxe8 79.
Kxe8 Kb5 80. Be1 Nd6+ 81. Kd7 Nf5 82. Bf2 Kb6 83. Ke6 Nxd4+ 84. Bxd4+ Kb7 85.
Kxd5 Kc7 86. Bc5 Kb7 87. Kd6 Ka6 88. Nc4 Kb5 89. Nb6 Ka5 90. Kc6 Ka6 91. Bb4
Ka7 92. Bd6 Ka6 93. Bb8 Ka5 94. Nd5 Ka4 95. Kc5 Kb3 96. Nb4 Kc3 97. Bf4 Kb3 98.
Be5 Ka4 99. Kc4 Ka5 100. Bc7+ Ka4 101. Bb6 Ka3 102. Nd3 Ka4 103. Nb2+ Ka3 104.
Kc3 Ka2 105. Kc2 Ka3 106. Bc5+ Ka2 107. Bb4 Ka1 108. Nd3 1-0

[Event "51st National Challengers (National â€˜Bâ€™) Chess Cha"]
[Site "Bhopal, Madhya Pradesh-India"]
[Date "2013.10.14"]
[Round "3"]
[Board "18"]
[White "Prasannaa.S, "]
[Black "Krishna, C.R.G."]
[Result "0-1"]
[WhiteElo "2171"]
[BlackElo "2340"]
[PlyCount "78"]
[EventDate "2013.10.12"]
[EventRounds "13"]
[EventCountry "IND"]

1. c4 f5 2. b4 e5 3. Bb2 d6 4. e3 Be6 5. Nf3 Nf6 6. d4 e4 7. Ng5 Bg8 8. Be2 d5
9. c5 g6 10. h4 Bg7 11. Nc3 Nc6 12. Qa4 h6 13. Ba6 Qc8 14. Nh3 Bf7 15. Ne2 bxa6
16. Qxc6+ Ke7 17. Qa4 Rb8 18. Rc1 Be8 19. c6 Rb6 20. Rc5 Kf7 21. Nhf4 Bf8 22.
h5 g5 23. Ng6 Rg8 24. Nxf8 Rxf8 25. Nc3 Qe6 26. b5 Kg7 27. Bc1 Bf7 28. Qc2 axb5
29. Nxb5 a6 30. Nc3 Be8 31. Ba3 Rf7 32. O-O Bxc6 33. Rc1 Be8 34. Ne2 Rb7 35.
Ng3 f4 36. exf4 gxf4 37. Ne2 Nxh5 38. Qd2 f3 39. g3 Qh3 0-1

[Event "51st National Challengers (National â€˜Bâ€™) Chess Cha"]
[Site "Bhopal, Madhya Pradesh-India"]
[Date "2013.10.14"]
[Round "3"]
[Board "20"]
[White "Aradhya, Garg"]
[Black "Kulkarni, Vikramaditya"]
[Result "0-1"]
[WhiteElo "2029"]
[BlackElo "2335"]
[PlyCount "62"]
[EventDate "2013.10.12"]
[EventRounds "13"]
[EventCountry "IND"]

1. d4 Nf6 2. c4 g6 3. Nc3 Bg7 4. e4 d6 5. f3 O-O 6. Be3 a6 7. Bd3 Nbd7 8. Qd2
c5 9. d5 Ne5 10. Be2 b5 11. cxb5 axb5 12. Bxb5 Ba6 13. Bf4 Bxb5 14. Bxe5 Bc4
15. Bf4 Nh5 16. Be3 f5 17. exf5 gxf5 18. Nge2 f4 19. Bf2 Rf5 20. g4 fxg3 21.
hxg3 Bxc3 22. Nxc3 Nf6 23. O-O-O Rxf3 24. g4 Qf8 25. Bh4 Bxa2 26. Qe2 Nxg4 27.
Rdg1 Qf4+ 28. Qd2 Bc4 29. Qxf4 Rxf4 30. Bg3 Ra1+ 31. Kd2 Rd4+ 0-1

[Event "51st National Challengers (National â€˜Bâ€™) Chess Cha"]
[Site "Bhopal, Madhya Pradesh-India"]
[Date "2013.10.14"]
[Round "3"]
[Board "21"]
[White "Girinath, P.D.S."]
[Black "Yogit, S"]
[Result "1-0"]
[WhiteElo "2333"]
[BlackElo "2024"]
[PlyCount "85"]
[EventDate "2013.10.12"]
[EventRounds "13"]
[EventCountry "IND"]

1. e4 c5 2. Nf3 d6 3. c3 Nf6 4. h3 Nc6 5. Bd3 e5 6. Bc2 Be7 7. d4 Qc7 8. d5 Nd8
9. a4 O-O 10. Na3 Bd7 11. Nc4 Ne8 12. O-O f6 13. Nh2 g6 14. Ng4 Nf7 15. Nh6+
Nxh6 16. Bxh6 Ng7 17. f4 exf4 18. Bxf4 b6 19. Bd3 a6 20. a5 b5 21. Nb6 Rae8 22.
c4 b4 23. Bc2 Rd8 24. Nxd7 Qxd7 25. Ba4 Qc7 26. Qe2 Rf7 27. b3 Bf8 28. Bh2 Re7
29. Qd3 f5 30. Rae1 fxe4 31. Rxe4 Rxe4 32. Qxe4 Qxa5 33. g4 Qc7 34. Re1 Qf7 35.
Kg2 Rc8 36. Bg3 Qf6 37. Bd7 Rc7 38. Be6+ Nxe6 39. dxe6 Qe7 40. Qd5 Kh8 41. Rf1
Qe8 42. Be5+ Bg7 43. Bxd6 1-0

[Event "51st National Challengers (National â€˜Bâ€™) Chess Cha"]
[Site "Bhopal, Madhya Pradesh-India"]
[Date "2013.10.14"]
[Round "3"]
[Board "22"]
[White "Vijay, Kumar"]
[Black "Padmini, Rout"]
[Result "0-1"]
[WhiteElo "1999"]
[BlackElo "2330"]
[PlyCount "54"]
[EventDate "2013.10.12"]
[EventRounds "13"]
[EventCountry "IND"]

1. Nf3 Nf6 2. g3 g6 3. c4 Bg7 4. Nc3 O-O 5. Bg2 d6 6. d4 Nc6 7. O-O a6 8. Qd3
Bd7 9. Rd1 Rb8 10. d5 Nb4 11. Qb1 a5 12. a3 Na6 13. b4 c6 14. Be3 Nxd5 15. Nxd5
cxd5 16. cxd5 Bxa1 17. Qxa1 f6 18. Bh6 Re8 19. Rd4 axb4 20. axb4 Qc7 21. Ng5
Rec8 22. Ne4 Ra8 23. Rc4 Qxc4 24. Nxf6+ exf6 25. Qxf6 Qc1+ 26. Bxc1 Rxc1+ 27.
Bf1 Bh3 0-1

[Event "51st National Challengers (National â€˜Bâ€™) Chess Cha"]
[Site "Bhopal, Madhya Pradesh-India"]
[Date "2013.10.14"]
[Round "3"]
[Board "23"]
[White "Vaishali, R"]
[Black "Lahiri, Atanu"]
[Result "1-0"]
[WhiteElo "1988"]
[BlackElo "2325"]
[PlyCount "89"]
[EventDate "2013.10.12"]
[EventRounds "13"]
[EventCountry "IND"]

1. e4 e6 2. d4 d5 3. e5 c5 4. c3 Nc6 5. Nf3 Qb6 6. dxc5 Bxc5 7. Qc2 Qc7 8. Bf4
Nge7 9. Bd3 Ng6 10. Bxg6 fxg6 11. Nbd2 O-O 12. Bg3 Qf7 13. O-O Bd7 14. c4 Bb6
15. c5 Bd8 16. Nb3 Rc8 17. Rac1 Be7 18. Qd2 Qf5 19. Nbd4 Qh5 20. b4 g5 21. Nxc6
bxc6 22. Nd4 g4 23. Rc3 Qg6 24. f4 gxf3 25. Rcxf3 Rxf3 26. Rxf3 Rb8 27. Nb3 Qe4
28. a3 Qb1+ 29. Qe1 Qb2 30. Na5 Bg5 31. Qf2 Qc1+ 32. Qe1 Rf8 33. Rxf8+ Kxf8 34.
Qxc1 Bxc1 35. b5 Bxa3 36. bxc6 Bxc5+ 37. Bf2 Bxf2+ 38. Kxf2 Bc8 39. Ke3 h6 40.
Kd4 Ke8 41. Kc5 Ke7 42. h3 Ke8 43. Kd6 d4 44. Kc7 d3 45. Nc4 1-0

[Event "51st National Challengers (National â€˜Bâ€™) Chess Cha"]
[Site "Bhopal, Madhya Pradesh-India"]
[Date "2013.10.14"]
[Round "3"]
[Board "25"]
[White "Adhiban, B."]
[Black "Sinha, Santosh Kumar"]
[Result "1-0"]
[WhiteElo "2587"]
[BlackElo "2188"]
[PlyCount "74"]
[EventDate "2013.10.12"]
[EventRounds "13"]
[EventCountry "IND"]

1. d4 Nf6 2. c4 c6 3. Nc3 d5 4. Nf3 dxc4 5. a4 Bf5 6. e3 e6 7. Bxc4 Bb4 8. O-O
Nbd7 9. Qe2 Bg6 10. e4 Bxc3 11. bxc3 Nxe4 12. Ba3 Nxc3 13. Qb2 Ne4 14. Qxb7 Rb8
15. Qxa7 Qb6 16. Qxb6 Nxb6 17. Rfc1 Nxc4 18. Rxc4 f6 19. Rxc6 Kd7 20. Rac1 Rhc8
21. Rxc8 Rxc8 22. Rxc8 Kxc8 23. Bf8 Be8 24. Bxg7 Bxa4 25. Ne1 f5 26. Nd3 Bb5
27. Nf4 Bc4 28. Nh5 Kd8 29. Be5 Kc8 30. h4 Kb7 31. f3 Nc3 32. Nf6 h6 33. Ng8
Bb5 34. Nxh6 Be8 35. Ng8 Bf7 36. Nf6 Nd5 37. Nxd5 exd5 1-0

[Event "51st National Challengers (National â€˜Bâ€™) Chess Cha"]
[Site "Bhopal, Madhya Pradesh-India"]
[Date "2013.10.14"]
[Round "3"]
[Board "26"]
[White "Sethuraman, S.P."]
[Black "Singh, S. Vikramjit"]
[Result "1-0"]
[WhiteElo "2566"]
[BlackElo "2221"]
[PlyCount "41"]
[EventDate "2013.10.12"]
[EventRounds "13"]
[EventCountry "IND"]

1. d4 Nf6 2. c4 g6 3. Nc3 Bg7 4. e4 d6 5. f3 O-O 6. Be3 c5 7. Nge2 Nc6 8. d5
Ne5 9. Ng3 h5 10. Be2 h4 11. Nf1 e6 12. Nd2 exd5 13. cxd5 a6 14. O-O h3 15. g4
b5 16. g5 Nh7 17. f4 Nd7 18. Qc2 Re8 19. Rf3 Bd4+ 20. Kf1 Bxc3 21. bxc3 1-0

[Event "51st National Challengers (National â€˜Bâ€™) Chess Cha"]
[Site "Bhopal, Madhya Pradesh-India"]
[Date "2013.10.14"]
[Round "3"]
[Board "36"]
[White "Anilkumar, O.T."]
[Black "Karthikeyan, P."]
[Result "1/2-1/2"]
[WhiteElo "2132"]
[BlackElo "2389"]
[PlyCount "40"]
[EventDate "2013.10.12"]
[EventRounds "13"]
[EventCountry "IND"]

1. d4 Nf6 2. Bf4 g6 3. e3 Bg7 4. Nf3 d6 5. Be2 O-O 6. h3 Nbd7 7. O-O Qe8 8. c4
e5 9. Bh2 Ne4 10. Qb3 Kh8 11. Nc3 Nxc3 12. Qxc3 f5 13. dxe5 dxe5 14. c5 e4 15.
Nd4 Ne5 16. Qc2 c6 17. Rad1 g5 18. f4 exf3 19. Nxf3 Nxf3+ 20. Rxf3 Be6 1/2-1/2

[Event "51st National Challengers (National â€˜Bâ€™) Chess Cha"]
[Site "Bhopal, Madhya Pradesh-India"]
[Date "2013.10.14"]
[Round "3"]
[Board "39"]
[White "Thanki, Hemal Karsanji"]
[Black "Abhishek, Kelkar"]
[Result "1/2-1/2"]
[WhiteElo "2038"]
[BlackElo "2291"]
[PlyCount "28"]
[EventDate "2013.10.12"]
[EventRounds "13"]
[EventCountry "IND"]

1. g3 Nf6 2. Bg2 g6 3. f4 d5 4. Nf3 Bg7 5. O-O O-O 6. d3 c6 7. h3 Nbd7 8. Nc3
d4 9. Ne4 Nd5 10. Nh4 e6 11. Qe1 Qe7 12. Nf2 Re8 13. Kh2 b6 14. Bd2 Bb7 1/2-1/2

[Event "51st National Challengers (National â€˜Bâ€™) Chess Cha"]
[Site "Bhopal, Madhya Pradesh-India"]
[Date "2013.10.14"]
[Round "3"]
[Board "40"]
[White "Debarshi, Mukherjee"]
[Black "Praveen Kumar, C."]
[Result "1/2-1/2"]
[WhiteElo "1994"]
[BlackElo "2286"]
[PlyCount "44"]
[EventDate "2013.10.12"]
[EventRounds "13"]
[EventCountry "IND"]

1. e4 e6 2. d4 d5 3. Nc3 Bb4 4. exd5 exd5 5. Bd3 Nf6 6. Bg5 O-O 7. Nge2 c5 8.
dxc5 Bg4 9. O-O Bxc3 10. bxc3 Nbd7 11. f3 Be6 12. Nf4 Qc7 13. Qe1 Qxc5+ 14. Kh1
Qd6 15. Qh4 Rfc8 16. Ne2 h6 17. Be3 Ne8 18. Bd4 Nc5 19. Ng3 Nxd3 20. cxd3 Qd8
21. Qxd8 Rxd8 22. Rfb1 Rd7 1/2-1/2